000
00333nam a2200133Ia 4500
003
PILC
008
220421s2005 xx 000 0 und d
040
_c
EARIST LIBRARY
100
_a
Fronda , Earl Stanley
_9
1097
245
0
_a
Reasoning for the Reasonable /
260
_a
Manila,
_b
Rex :
_c
2005.
999
_c
2526
_d
2526
942
_2
ddc
_c
BK